00853nam a2200253 i 4500001000300000100001900003245006100022250001200083260005700095300002600152504002800178650005600206650005500262650004700317655001400364015001700378020001800395040000800413041000800421044000800429080002300437008004100460856009800501bg1 aNorek, Emil A.10aPrzedsiębiorstwo w obrocie gospodarczym /cEmil Norek. aWyd. 2. aWarszawa :bWydawnictwo Prawnicze LexisNexis,c2008. a277, [1] s. ;c21 cm. aBibliogr. s. 271-[278]. 9aObrót gospodarczyxprawozPolskaystan na 2008 r. 9aPrzedsiębiorstwoxprawozPolskaystan na 2008 r. 9aUmowaxgospodarkazPolskaystan na 2008 r. aPoradniki aPB 9189/2007 a9788373349094 cBPK apol aPOL a346.26:346.3](438)070227s2007 pl |000 0 pol  uhttp://koha.tu.koszalin.pl/cgi-bin/koha/opac-detail.pl?biblionumber=55832yKatalog online BPK